Financial literacy (Record no. 1225612)

MARC details
000 -LEADER
fixed length control field 00642nam a2200229Ia 4500
005 - DATE AND TIME OF LATEST TRANSACTION
control field 20241129104355.0
008 - FIXED-LENGTH DATA ELEMENTS--GENERAL INFORMATION
fixed length control field 241129s9999||||xx |||||||||||||| ||und||
020 ## - INTERNATIONAL STANDARD BOOK NUMBER
International Standard Book Number 9789357780216
037 ## - SOURCE OF ACQUISITION
Stock number Textual
040 ## - CATALOGING SOURCE
Original cataloging agency RTL
Language of cataloging eng
Transcribing agency RTL
041 ## - LANGUAGE CODE
Language code of text/sound track or separate title eng
Source of code eng
084 ## - COLON CLASSIFICATION NUMBER
Classification number X64(T) R3
Assigning agency RTL
100 ## - MAIN ENTRY--PERSONAL NAME
Personal name Singh Amit Kumar
9 (RLIN) 391198
245 #0 - TITLE STATEMENT
Title Financial literacy
Statement of responsibility, etc. Singh Amit Kumar
260 ## - PUBLICATION, DISTRIBUTION, ETC.
Place of publication, distribution, etc. New Delhi
Name of publisher, distributor, etc. Taxmann Publications
Date of publication, distribution, etc. 2023
300 ## - PHYSICAL DESCRIPTION
Extent various pagination
365 ## - TRADE PRICE
Price type code INR
Price amount 375
490 ## - SERIES STATEMENT
Series statement Undergraduate Curriculum Framework
650 ## - SUBJECT ADDED ENTRY--TOPICAL TERM
Topical term or geographic name entry element Finance
942 ## - ADDED ENTRY ELEMENTS (KOHA)
Koha item type Textbook
Classification part X64(T) R3
Holdings
Withdrawn status Lost status Damaged status Not for loan Home library Current library Date acquired Source of acquisition Cost, normal purchase price Inventory number Total Checkouts Full call number Barcode Date last seen Price effective from Koha item type
        Ratan Tata Library Ratan Tata Library 2024-11-29 Rajkiran Book Agency 375.00 9656 & 29/11/23   X64(T) R3 RT1585077 2024-11-29 2024-11-29 Textbook
Copyright @ Delhi University Library System